[Event "TUR-chT 2nd League"]
[Site "Konya"]
[Date "2022.08.25"]
[Round "5.11"]
[White "Zeynalli, Rashad Hamza"]
[Black "Eken, Atakan"]
[Result "1-0"]
[WhiteElo "2187"]
[BlackElo "1834"]
[PlyCount "81"]
[EventDate "2022.08.22"]
[EventType "team-swiss"]
[EventRounds "9"]
[EventCountry "TUR"]
[SourceTitle "CBM 210 Extra"]
[Source "ChessBase"]
[SourceDate "2022.11.30"]
[SourceVersion "1"]
[SourceVersionDate "2022.11.30"]
[SourceQuality "1"]
[WhiteTeam "Karaman Yunus Emre"]
[BlackTeam "Marmara Universitesi"]
[WhiteTeamCountry "TUR"]
[BlackTeamCountry "TUR"]

1. e4 e6 2. d4 d5 3. e5 c5 4. c3 Nc6 5. Nf3 Qb6 6. Be2 cxd4 7. cxd4 Nge7 8. Na3 Nf5 9. Nc2 Be7 10. Bd3 Bd7 11. 0-0 Nb4 12. Nxb4 Bxb4 13. Be2 Bb5 14. a3 Bxe2 15. Qxe2 Be7 16. Qd3 Rc8 17. g4 Nh4 18. Nxh4 Bxh4 19. g5 h6 20. gxh6 gxh6 21. Be3 Kd7 22. Rac1 Rhg8+ 23. Kh1 Rxc1 24. Rxc1 Rc8 25. Rxc8 Kxc8 26. Qh7 Qb5 27. Kg2 Qe2 28. h3 Qh5 29. Qxh6 Qxh6 30. Bxh6 Kd7 31. Bg7 b5 32. Bf6 Bxf6 33. exf6 e5 34. dxe5 Ke6 35. f4 Kf5 36. Kf3 d4 37. b4 a6 38. h4 d3 39. Ke3 d2 40. Kxd2 Kxf4 41. e6 1-0

[Event "TUR-chT 2nd League"]
[Site "Konya"]
[Date "2018.07.16"]
[Round "1.17"]
[White "Mentese, Emrah"]
[Black "Eken, Atakan"]
[Result "0-1"]
[WhiteElo "1166"]
[BlackElo "1748"]
[PlyCount "99"]
[EventDate "2018.07.16"]
[EventType "team-swiss"]
[EventRounds "9"]
[EventCountry "TUR"]
[SourceTitle "EXT 2019"]
[Source "ChessBase"]
[SourceDate "2018.10.10"]
[SourceVersion "1"]
[SourceVersionDate "2018.10.10"]
[SourceQuality "1"]
[WhiteTeam "Serenler Egitim"]
[BlackTeam "Marmara Universitesi"]
[WhiteTeamCountry "TUR"]
[BlackTeamCountry "TUR"]

1. e4 Nf6 2. Nc3 d6 3. d4 g6 4. Nf3 Bg7 5. h3 a6 6. Be3 b5 7. a3 Bb7 8. Bd3 Nbd7 9. 0-0 0-0 10. Qd2 c5 11. dxc5 dxc5 12. b3 b4 13. axb4 cxb4 14. Ne2 Bxe4 15. Qxb4 Bxf3 16. gxf3 Nd5 17. Qg4 Bxa1 18. Rxa1 Ne5 19. Qe4 Nxd3 20. Qxd3 Nxe3 21. Qxe3 Qc8 22. c4 Qxh3 23. Nf4 Qh6 24. Kg2 Qg5+ 25. Kf1 e5 26. Nd5 Qxe3 27. fxe3 a5 28. Kf2 Kg7 29. Kg3 f5 30. Nc7 Rab8 31. Ne6+ Kf7 32. Nxf8 Kxf8 33. Rxa5 Rxb3 34. Rxe5 Rc3 35. c5 Kf7 36. f4 Kf6 37. Kf3 g5 38. Rd5 gxf4 39. Kxf4 Rc4+ 40. Kf3 h5 41. Rd6+ Kg5 42. c6 Rc3 43. Kf2 h4 44. Re6 Kg4 45. Rd6 h3 46. Re6 Rc2+ 47. Kg1 Kg3 48. Rg6+ Kf3 49. Rh6 h2+ 50. Rxh2 0-1